banner-ar

Veterinary Dental Dental Techneques: for the small animal practitioner / (Record no. 22747)

MARC details
000 -الفاتح
حقل البيانات ثابتة الطول 00623nam a2200217Ia 4500
008 - عناصر البيانات ثابتة الطول - معلومات عامة
حقل البيانات ثابتة الطول 140319s9999 xx 000 0 eng d
040 ## - مصدر الفهرسة
وكالة الفهرسة الأصلية GCL /
وكالة النسخ GCL
082 04 - رقم تصنيف ديوى العشرى
رقم التصنيف 636.708976
رقم المادة H V
100 1# - المدخل الرئيسى - إسم شخصى
الإسم الشخصى HOLMSTROM, STEVENE
245 10 - بيان العنوان
العنوان Veterinary Dental Dental Techneques: for the small animal practitioner /
بيان المسئوليه,etc HOLMSTROM, STEVENE
700 1# - المدخل الاضافى - اسم شخصى
الإسم الشخصى GRAMMON, RONALD L
700 1# - المدخل الاضافى - اسم شخصى
الإسم الشخصى FROST, POTRICIA
260 ## - PUBLICATION, DISTRIBUTION, ETC. (IMPRINT)
تاريخ النشر أو التوزيع 1992
300 ## - الوصف المادى
التعداد 430.P
650 04 - المدخل الاضافى بالموضوع-مصطلح موضوعى
مصطلح موضوعي CATS DISEASES
650 04 - المدخل الاضافى بالموضوع-مصطلح موضوعى
مصطلح موضوعي DOG DISEASAS
650 04 - المدخل الاضافى بالموضوع-مصطلح موضوعى
مصطلح موضوعي VETERINARY - DENTISTRY
650 04 - المدخل الاضافى بالموضوع-مصطلح موضوعى
مصطلح موضوعي TREATMENT
942 ## - عناصر المدخل الإضافي( كوها)
مصدر التصنيف او مخطط الترفيف Dewey Decimal Classification
Koha [default] item type كتاب
260 ## - PUBLICATION, DISTRIBUTION, ETC. (IMPRINT)
-- [S.N] :
-- W.B. SAUNDERS COMPANY ،
Holdings
حالة التراجع حالة الفقد حالة تلف ليس للاعارة المكان المؤقت الموقع الحالى تاريخ الاكتساب اجمالي اﻻعارات رقم الطلب الباركود تاريخ اخر مشاهدة تاريخ تفعيل السعر نوع وعاء كوها
        مكتبة القاهرة الكبرى مكتبة القاهرة الكبرى 03/26/2014   636.708976\H V 41058 03/26/2014 03/26/2014 كتاب

Powered By

EGPV